[Event "Collado Villalba op-A 35th"]
[Site "Collado Villalba ESP"]
[Date "2018.08.28"]
[Round "5.15"]
[White "Unciti Juan, Javier"]
[Black "Martin Consuegra, Barrilero Javier"]
[Result "1-0"]
[WhiteElo "1999"]
[BlackElo "1766"]
[PlyCount "35"]
[EventDate "2018.08.24"]
[EventType "swiss"]
[EventRounds "9"]
[EventCountry "ESP"]
[SourceTitle "Ajedrez en Madrid"]
[Source "lmi"]
[SourceDate "2018.08.24"]

1. d4 d6 2. e4 Nf6 3. Nc3 e5 4. Nf3 Nbd7 5. Bc4 Be7 6. O-O O-O 7. a4 a5 8. Qe2
c6 9. Bb3 Qc7 10. h3 exd4 11. Nxd4 Nc5 12. Ba2 Be6 13. Nxe6 fxe6 14. Bf4 Qb6
15. Rab1 Nfxe4 16. Nxe4 Rxf4 17. Nxc5 Qxc5 18. Qxe6+ 1-0

[Event "Collado Villalba op-A 35th"]
[Site "Collado Villalba ESP"]
[Date "2018.08.28"]
[Round "5.16"]
[White "Camacho Casado, Natalio"]
[Black "Garcia Galeote, Lorenzo"]
[Result "0-1"]
[WhiteElo "1836"]
[BlackElo "1899"]
[PlyCount "60"]
[EventDate "2018.08.24"]
[EventType "swiss"]
[EventRounds "9"]
[EventCountry "ESP"]
[SourceTitle "Ajedrez en Madrid"]
[Source "lmi"]
[SourceDate "2018.08.24"]

1. d4 d5 2. c4 e6 3. Nc3 Nf6 4. cxd5 exd5 5. Qc2 c6 6. e3 Bd6 7. Bd3 O-O 8. Nf3
Re8 9. O-O Qe7 10. a3 Bg4 11. Be2 a5 12. b3 Nbd7 13. Bb2 Ne4 14. h3 Bf5 15. Bd3
Qf6 16. Bxe4 dxe4 17. Nh2 Qh4 18. Qe2 Re6 19. f4 Rg6 20. Kh1 Rg3 21. Bc1 Nf6
22. Bd2 Nh5 23. Be1 Bxh3 24. gxh3 Qxh3 25. Nd1 g5 26. fxg5 Rf3 27. Rxf3 exf3
28. Qf2 Ng3+ 29. Kg1 Ne2+ 30. Kh1 Bxh2 0-1

[Event "Collado Villalba op-A 35th"]
[Site "Collado Villalba ESP"]
[Date "2018.08.28"]
[Round "5.17"]
[White "Lopez Heras, Arturo"]
[Black "Rojas Pozo, Jose Luis"]
[Result "1/2-1/2"]
[WhiteElo "1863"]
[BlackElo "1966"]
[PlyCount "112"]
[EventDate "2018.08.24"]
[EventType "swiss"]
[EventRounds "9"]
[EventCountry "ESP"]
[SourceTitle "Ajedrez en Madrid"]
[Source "lmi"]
[SourceDate "2018.08.24"]

1. e4 e5 2. Nf3 Nc6 3. d4 exd4 4. Nxd4 Bc5 5. Nxc6 bxc6 6. Bd3 Qh4 7. Qe2 Nf6
8. Be3 Bxe3 9. Qxe3 O-O 10. Nd2 Re8 11. Qg3 Qxg3 12. hxg3 Nxe4 13. Nxe4 d5 14.
O-O-O dxe4 15. Rde1 Bf5 16. Bc4 Kf8 17. Rh5 Bg6 18. Rc5 Re7 19. Rxc6 f5 20. Rh1
Bf7 21. Bxf7 Rxf7 22. Rxh7 Kg8 23. Rh5 Rd8 24. Rh4 Rd6 25. Rc3 Rfd7 26. Rh1 Rd2
27. Rxc7 R7d6 28. Rf1 Re2 29. Rc3 Rdd2 30. b4 Rxf2 31. Rxf2 Rxf2 32. b5 Rxg2
33. a4 Rg1+ 34. Kb2 Kf8 35. a5 Rd1 36. b6 axb6 37. axb6 Rd6 38. Rb3 Rd8 39. c4
Ke7 40. b7 Rb8 41. Kc3 Kd7 42. Rb5 g6 43. Rb6 Kc7 44. Rxg6 Kxb7 45. Kd4 Rd8+
46. Ke3 Rd3+ 47. Kf4 Rf3+ 48. Ke5 e3 49. Kd4 e2 50. Re6 Rxg3 51. Rxe2 Rf3 52.
c5 Rf1 53. Re7+ Kc6 54. Re6+ Kc7 55. Rf6 Rd1+ 56. Ke3 Rd5 1/2-1/2

[Event "Collado Villalba op-A 35th"]
[Site "Collado Villalba ESP"]
[Date "2018.08.28"]
[Round "5.18"]
[White "Fernandez Garcia, Ignacio"]
[Black "Sancho Castiello, Federico"]
[Result "1/2-1/2"]
[WhiteElo "1811"]
[BlackElo "1795"]
[PlyCount "79"]
[EventDate "2018.08.24"]
[EventType "swiss"]
[EventRounds "9"]
[EventCountry "ESP"]
[SourceTitle "Ajedrez en Madrid"]
[Source "lmi"]
[SourceDate "2018.08.24"]

1. e4 c5 2. Nf3 e6 3. d4 cxd4 4. Nxd4 Nc6 5. Nc3 a6 6. Be3 Qc7 7. Be2 b5 8. O-O
Bb7 9. a3 Nf6 10. Bf3 Be7 11. g3 O-O 12. Bg2 Rfd8 13. Qe2 Nxd4 14. Bxd4 e5 15.
Be3 d5 16. exd5 Nxd5 17. Nxd5 Bxd5 18. Bxd5 Rxd5 19. Rad1 Rad8 20. Rxd5 Rxd5
21. Rd1 Qd6 22. Rxd5 Qxd5 23. Qd3 Qxd3 24. cxd3 f5 25. f4 exf4 26. Bxf4 Bf6 27.
Bc1 Kf7 28. Kf2 Ke6 29. b3 Kd5 30. Ke2 g5 31. Be3 h6 32. Bc1 Be5 33. Be3 Bb2
34. a4 bxa4 35. bxa4 Bd4 36. Bc1 Bg1 37. h3 Bc5 38. Bb2 Bd4 39. Ba3 Be5 40. g4
1/2-1/2

[Event "Collado Villalba op-A 35th"]
[Site "Collado Villalba ESP"]
[Date "2018.08.28"]
[Round "5.19"]
[White "Pardo Veguezzi, Jose Manuel"]
[Black "Trujillo Martin, Carlos"]
[Result "1-0"]
[WhiteElo "1800"]
[BlackElo "1761"]
[PlyCount "83"]
[EventDate "2018.08.24"]
[EventType "swiss"]
[EventRounds "9"]
[EventCountry "ESP"]
[SourceTitle "Ajedrez en Madrid"]
[Source "lmi"]
[SourceDate "2018.08.24"]

1. e4 e6 2. Qe2 b6 3. d4 Bb7 4. Nf3 c5 5. d5 exd5 6. exd5+ Qe7 7. c4 Qxe2+ 8.
Bxe2 d6 9. Nc3 Na6 10. a3 O-O-O 11. Ng5 Nh6 12. O-O Nc7 13. Bf4 f6 14. Nge4 Nf7
15. Bg3 f5 16. Nd2 g5 17. Bh5 Rd7 18. f4 h6 19. Bg6 Re7 20. Bxf5+ Kb8 21. fxg5
hxg5 22. Nde4 Rh6 23. Bg4 Bg7 24. Rae1 Ne5 25. Nxg5 Rg6 26. Bxe5 Rxg5 27. Bxg7
Rxe1 28. Rxe1 Rxg4 29. Bf8 Rxc4 30. Bxd6 Kc8 31. Bxc7 Kxc7 32. Re7+ Kc8 33. Kf2
Rd4 34. Re5 Rd2+ 35. Re2 Rd4 36. Kf3 Kd7 37. g4 Ba6 38. Rf2 Bc4 39. g5 Rd3+ 40.
Kg4 Rd4+ 41. Rf4 Rd2 42. Rxc4 1-0

[Event "Collado Villalba op-A 35th"]
[Site "Collado Villalba ESP"]
[Date "2018.08.29"]
[Round "6.1"]
[White "Perez Gonzalez, Jose Manuel"]
[Black "Quispe Arteaga, Gabriel"]
[Result "0-1"]
[WhiteElo "2277"]
[BlackElo "2312"]
[PlyCount "74"]
[EventDate "2018.08.24"]
[EventType "swiss"]
[EventRounds "9"]
[EventCountry "ESP"]
[SourceTitle "Ajedrez en Madrid"]
[Source "lmi"]
[SourceDate "2018.08.24"]

1. e4 c5 2. Nf3 Nc6 3. d4 cxd4 4. Nxd4 e6 5. Nc3 Qc7 6. Be3 a6 7. Qd2 Nf6 8.
O-O-O Be7 9. f3 b5 10. Nxc6 dxc6 11. g4 Bb7 12. Qf2 Nd7 13. Qg3 Qa5 14. Kb1
O-O-O 15. h4 Bf6 16. Bd2 b4 17. Ne2 Nb6 18. Bh3 Rxd2 19. Rxd2 b3 20. axb3 Qxd2
21. Nc1 Rd8 22. g5 Be7 23. f4 Bd6 24. e5 Bc7 25. Bg2 Nd5 26. Bxd5 Qxd5 27. Rh3
Qd1 28. Qc3 Qg1 29. Rd3 Rxd3 30. Qxd3 g6 31. c3 Bb6 32. Kc2 Qe3 33. Qxe3 Bxe3
34. Nd3 c5 35. Kd1 Be4 36. Ke2 Bxd3+ 37. Kxe3 Bc2 0-1

[Event "Collado Villalba op-A 35th"]
[Site "Collado Villalba ESP"]
[Date "2018.08.29"]
[Round "6.2"]
[White "Mkrtchyan, Levon"]
[Black "Longa Yauca, Javier"]
[Result "1/2-1/2"]
[WhiteElo "2128"]
[BlackElo "2268"]
[PlyCount "147"]
[EventDate "2018.08.24"]
[EventType "swiss"]
[EventRounds "9"]
[EventCountry "ESP"]
[SourceTitle "Ajedrez en Madrid"]
[Source "lmi"]
[SourceDate "2018.08.24"]

1. e4 b6 2. d4 Bb7 3. Bd3 d6 4. Nf3 Nd7 5. O-O g6 6. Nc3 Bg7 7. Re1 e6 8. Bg5
Ne7 9. Qd2 h6 10. Be3 a6 11. a4 c5 12. Rad1 Qc7 13. d5 e5 14. g4 O-O-O 15. Qe2
Nb8 16. Nh4 Rdg8 17. f3 Qd8 18. Ng2 g5 19. Qf1 Ng6 20. Ne2 h5 21. Bf2 hxg4 22.
fxg4 Nf4 23. Ne3 Rh7 24. Bg3 Rgh8 25. Nc3 Bf8 26. Nf5 Rh3 27. Re3 R3h7 28. Ree1
Qc7 29. b3 Kd8 30. Bc4 f6 31. Re3 Bc8 32. Rd2 Qa7 33. Rd1 Bd7 34. Ra1 Be8 35.
Rae1 Bd7 36. Ra1 Bc8 37. Rd1 Be7 38. Ra1 Nd7 39. Rd1 Nf8 40. Rd2 N8g6 41. Rd1
Bf8 42. Rd2 Rh3 43. Rd1 Kc7 44. Rd2 Kb8 45. Rd1 Qb7 46. Rd2 Ka7 47. Rd1 Qd7 48.
Rd2 Qh7 49. Qe1 Qc7 50. Qf1 R3h7 51. Rd1 Nh4 52. Rd2 Qf7 53. Re1 Nxf5 54. exf5
Bb7 55. Re3 Be7 56. Re1 Rh3 57. Re3 Qh7 58. Qe1 Bc8 59. Qf1 Rh6 60. Qe1 Bb7 61.
Qf1 Qf7 62. Re1 Bd8 63. Re3 Be7 64. Re1 Qh7 65. Re3 Rb8 66. Re1 Bc8 67. Re3 Bf8
68. Re1 Qb7 69. Ra1 Qh7 70. Re1 Be7 71. Re3 Bb7 72. Re1 Rd8 73. Re3 Rh8 74. Re1
1/2-1/2

[Event "Collado Villalba op-A 35th"]
[Site "Collado Villalba ESP"]
[Date "2018.08.29"]
[Round "6.3"]
[White "Elissalt Cardenas, Hector"]
[Black "Valles Moreno, Ivan"]
[Result "1/2-1/2"]
[WhiteElo "2323"]
[BlackElo "2416"]
[PlyCount "52"]
[EventDate "2018.08.24"]
[EventType "swiss"]
[EventRounds "9"]
[EventCountry "ESP"]
[SourceTitle "Ajedrez en Madrid"]
[Source "lmi"]
[SourceDate "2018.08.24"]

1. d4 d6 2. c4 Nd7 3. Nc3 e5 4. Nf3 g6 5. dxe5 dxe5 6. b3 Ngf6 7. Qc2 c6 8. e4
Qa5 9. Bd2 Qc7 10. Be2 Nc5 11. O-O Bg4 12. Bg5 Be7 13. Rad1 Ne6 14. Bh6 Ng8 15.
Be3 Bxf3 16. Bxf3 h5 17. Qb2 Nf6 18. Ne2 Nh7 19. Nf4 Neg5 20. Be2 O-O 21. Nd3
Nxe4 22. Qxe5 Qxe5 23. Nxe5 Nc3 24. Rd2 Rfd8 25. Rc2 Nxe2+ 26. Rxe2 Bf6 1/2-1/2

[Event "Collado Villalba op-A 35th"]
[Site "Collado Villalba ESP"]
[Date "2018.08.29"]
[Round "6.4"]
[White "Martin Duque, Jesus"]
[Black "Reyes Peñas, Sebastian"]
[Result "1-0"]
[WhiteElo "2378"]
[BlackElo "2103"]
[PlyCount "109"]
[EventDate "2018.08.24"]
[EventType "swiss"]
[EventRounds "9"]
[EventCountry "ESP"]
[SourceTitle "Ajedrez en Madrid"]
[Source "lmi"]
[SourceDate "2018.08.24"]

1. e4 c5 2. Nf3 e6 3. d4 cxd4 4. Nxd4 a6 5. Bd3 Nf6 6. O-O Qc7 7. Qe2 d6 8. c4
g6 9. Nc3 Bg7 10. Rd1 O-O 11. Be3 Nbd7 12. Rac1 b6 13. f3 Bb7 14. Qd2 Rac8 15.
Bf1 Rfd8 16. b4 Qb8 17. Na4 d5 18. exd5 exd5 19. c5 b5 20. Bf4 Qa7 21. Nb2 Nh5
22. Be3 Qa8 23. a4 bxa4 24. Nxa4 Re8 25. Bf2 Be5 26. g3 Ng7 27. Bh3 Ne6 28.
Nxe6 fxe6 29. Re1 Rc6 30. Nb6 Nxb6 31. cxb6 Bf6 32. Rxc6 Bxc6 33. Rxe6 Rxe6 34.
Bxe6+ Kg7 35. Qf4 Qb7 36. Qc7+ Be7 37. Bd4+ Kf8 38. Qf4+ Ke8 39. Qf7+ Kd8 40.
Qg8+ Be8 41. Bf7 Qc6 42. Qxe8+ Qxe8 43. Bxe8 Kxe8 44. b7 Bd6 45. Ba7 Kd7 46.
b8=Q Bxb8 47. Bxb8 Kc6 48. Kf2 Kb5 49. Bd6 Kc4 50. Ke3 d4+ 51. Kd2 h5 52. Be7
Kd5 53. Kd3 Ke5 54. Bc5 Kf5 55. Bxd4 1-0

[Event "Collado Villalba op-A 35th"]
[Site "Collado Villalba ESP"]
[Date "2018.08.29"]
[Round "6.5"]
[White "Andrade Sandoval, Bianca"]
[Black "Pastor Alonso de Prado, Emilio Alberto"]
[Result "1-0"]
[WhiteElo "1890"]
[BlackElo "2112"]
[PlyCount "111"]
[EventDate "2018.08.24"]
[EventType "swiss"]
[EventRounds "9"]
[EventCountry "ESP"]
[SourceTitle "Ajedrez en Madrid"]
[Source "lmi"]
[SourceDate "2018.08.24"]

1. d4 e6 2. Bf4 d5 3. Nf3 c5 4. e3 Nf6 5. Nc3 a6 6. a4 Qa5 7. Nd2 Nc6 8. Nb3
Qb4 9. dxc5 e5 10. a5 Ne4 11. Bxe5 Nxe5 12. Qxd5 Nxc5 13. Qxe5+ Be6 14. Nxc5
Qxc5 15. Qxc5 Bxc5 16. Ne4 Be7 17. O-O-O Bb4 18. Be2 Ke7 19. Bf3 Rab8 20. Rd4
Bxa5 21. Nc5 Bc8 22. Rhd1 Rd8 23. Re4+ Kf8 24. Rxd8+ Bxd8 25. Bg4 Be7 26. Bxc8
Bxc5 27. Bf5 g6 28. Bd7 Rd8 29. Ba4 f5 30. Rh4 b5 31. Bb3 Kg7 32. Rf4 Kf6 33.
g4 Bd6 34. Rf3 h5 35. gxf5 g5 36. Rh3 h4 37. Be6 Rh8 38. e4 g4 39. Rc3 Bxh2 40.
Bd5 Rd8 41. Rc6+ Bd6 42. Rxa6 Ke5 43. Ra7 Rh8 44. Kd2 Bc5 45. Rg7 Bxf2 46. Rxg4
h3 47. Rg6 h2 48. Re6+ Kf4 49. e5 Kxf5 50. Ra6 h1=Q 51. Bxh1 Rxh1 52. Rf6+ Kxe5
53. Rxf2 Rh3 54. Rf8 Ke6 55. Rc8 Kd5 56. b4 1-0

[Event "Collado Villalba op-A 35th"]
[Site "Collado Villalba ESP"]
[Date "2018.08.29"]
[Round "6.6"]
[White "Fernandez de Pablo, Miguel Angel"]
[Black "Martin Martin, Luis Vicente"]
[Result "1-0"]
[WhiteElo "2107"]
[BlackElo "1998"]
[PlyCount "59"]
[EventDate "2018.08.24"]
[EventType "swiss"]
[EventRounds "9"]
[EventCountry "ESP"]
[SourceTitle "Ajedrez en Madrid"]
[Source "lmi"]
[SourceDate "2018.08.24"]

1. e4 e6 2. d4 d5 3. Nd2 dxe4 4. Nxe4 Nd7 5. g3 Ngf6 6. Nxf6+ Nxf6 7. Bg2 c5 8.
Ne2 cxd4 9. Qxd4 Qxd4 10. Nxd4 a6 11. O-O Bd6 12. Rd1 Bc7 13. Bd2 O-O 14. Bb4
Re8 15. Nb3 a5 16. Bd6 Bb6 17. a4 Ra7 18. c4 Bd7 19. c5 Bd8 20. Nd4 Bc8 21. Nb5
Ra6 22. Bc7 Be7 23. Bb6 Rf8 24. Rac1 Ra8 25. Nc7 Rb8 26. Ba7 Bd7 27. Bxb8 Rxb8
28. Nb5 Bc6 29. Bxc6 bxc6 30. Na7 1-0

[Event "Collado Villalba op-A 35th"]
[Site "Collado Villalba ESP"]
[Date "2018.08.29"]
[Round "6.7"]
[White "Aziz Ortego, Omar Luis"]
[Black "Baeza Escudero, Javier"]
[Result "1-0"]
[WhiteElo "2024"]
[BlackElo "1941"]
[PlyCount "111"]
[EventDate "2018.08.24"]
[EventType "swiss"]
[EventRounds "9"]
[EventCountry "ESP"]
[SourceTitle "Ajedrez en Madrid"]
[Source "lmi"]
[SourceDate "2018.08.24"]

1. e4 e6 2. c4 d5 3. exd5 exd5 4. d4 Nf6 5. Nf3 Bb4+ 6. Nc3 O-O 7. Be2 dxc4 8.
Bxc4 Re8+ 9. Be3 Be6 10. Be2 Nd5 11. Bd2 Nd7 12. O-O N7f6 13. Bd3 Be7 14. a3
Bg4 15. h3 Bh5 16. Rc1 Bg6 17. Bc4 h6 18. Ne5 Bh7 19. Qf3 c6 20. Rfd1 Rf8 21.
Be1 Nxc3 22. Rxc3 Be4 23. Qe2 Bd5 24. Bd3 Re8 25. Bb1 Bd6 26. Re3 Qc7 27. Bc3
Rad8 28. b4 Be6 29. Re1 Nd5 30. Qc2 Nf6 31. f4 a5 32. bxa5 c5 33. d5 Bxd5 34.
Rg3 b5 35. Rd1 Be4 36. Qb2 Bxb1 37. Qxb1 b4 38. axb4 cxb4 39. Bb2 Qxa5 40. Kh2
Qc5 41. Qf5 Be7 42. Rc1 Qd5 43. Ng4 Nxg4+ 44. Qxg4 g6 45. f5 Bd6 46. fxg6 f5
47. Qh5 Bxg3+ 48. Kxg3 f4+ 49. Kh4 Qxg2 50. Qf5 Qg5+ 51. Qxg5 hxg5+ 52. Kxg5 f3
53. Rc7 Re2 54. Bf6 f2 55. Rh7 Re5+ 56. Kh6 1-0

[Event "Collado Villalba op-A 35th"]
[Site "Collado Villalba ESP"]
[Date "2018.08.29"]
[Round "6.8"]
[White "Lopez Mijail, Nicolas"]
[Black "Khudov, Oleksandr"]
[Result "0-1"]
[WhiteElo "1983"]
[BlackElo "2021"]
[PlyCount "44"]
[EventDate "2018.08.24"]
[EventType "swiss"]
[EventRounds "9"]
[EventCountry "ESP"]
[SourceTitle "Ajedrez en Madrid"]
[Source "lmi"]
[SourceDate "2018.08.24"]

1. e4 e6 2. d4 d5 3. Nd2 c5 4. exd5 Qxd5 5. Ngf3 cxd4 6. Bc4 Qd6 7. O-O Nf6 8.
Nb3 Nc6 9. Nbxd4 Nxd4 10. Nxd4 a6 11. Re1 Qc7 12. Bb3 Be7 13. Qf3 O-O 14. c3
Bd6 15. h3 b5 16. Qxa8 Bb7 17. Qa7 Ra8 18. Nxe6 Qc6 19. Qxa8+ Bxa8 20. f3 fxe6
21. Rxe6 Nd5 22. Be3 Bh2+ 0-1

[Event "Collado Villalba op-A 35th"]
[Site "Collado Villalba ESP"]
[Date "2018.08.29"]
[Round "6.9"]
[White "Brull Cortes, Boris"]
[Black "Cuellar Gutierrez, Raul"]
[Result "1-0"]
[WhiteElo "2029"]
[BlackElo "1927"]
[PlyCount "97"]
[EventDate "2018.08.24"]
[EventType "swiss"]
[EventRounds "9"]
[EventCountry "ESP"]
[SourceTitle "Ajedrez en Madrid"]
[Source "lmi"]
[SourceDate "2018.08.24"]

1. e4 e6 2. d4 d5 3. Nc3 Nf6 4. e5 Nfd7 5. Qg4 g6 6. h4 h5 7. Qg3 a6 8. Bd3 Rg8
9. Nce2 c5 10. c3 Qb6 11. Nf3 cxd4 12. cxd4 Nc6 13. O-O Ne7 14. a3 Bg7 15. Be3
Nf5 16. Bxf5 exf5 17. Nf4 Nf8 18. Nxd5 Qd8 19. Nc3 Ne6 20. d5 f4 21. Bxf4 Nxf4
22. Qxf4 Bf5 23. Nd4 Qc8 24. Rac1 Kf8 25. Ncb5 Qe8 26. Nxf5 gxf5 27. Qb4+ Qe7
28. d6 Qd7 29. Nc7 Rd8 30. Rfe1 Bh6 31. e6 Qxd6 32. e7+ Kg7 33. exd8=Q Qxd8 34.
Qxb7 Qxh4 35. Rc3 Bd2 36. Rg3+ Kh7 37. Ne8 Rxg3 38. Qxf7+ Kh8 39. Qf8+ Rg8 40.
Qd6 Rxg2+ 41. Kxg2 Qg5+ 42. Kf1 Bxe1 43. Qe5+ Kh7 44. Kxe1 h4 45. Nd6 Qg1+ 46.
Ke2 Qg4+ 47. Kf1 Kg6 48. Qe6+ Kg5 49. Nf7+ 1-0

[Event "Collado Villalba op-A 35th"]
[Site "Collado Villalba ESP"]
[Date "2018.08.29"]
[Round "6.10"]
[White "Carrasco Coquillat, Alvaro"]
[Black "Unciti Juan, Javier"]
[Result "1-0"]
[WhiteElo "1865"]
[BlackElo "1999"]
[PlyCount "111"]
[EventDate "2018.08.24"]
[EventType "swiss"]
[EventRounds "9"]
[EventCountry "ESP"]
[SourceTitle "Ajedrez en Madrid"]
[Source "lmi"]
[SourceDate "2018.08.24"]

1. d4 e6 2. c4 d5 3. Nc3 Nf6 4. Bg5 Be7 5. e3 h6 6. Bh4 O-O 7. Nf3 b6 8. cxd5
Nxd5 9. Nxd5 Bxh4 10. Nxc7 Bxf2+ 11. Kxf2 Qxc7 12. Be2 Bb7 13. Rc1 Qe7 14. Rc3
Nc6 15. Qa4 Rfc8 16. Rhc1 Qb4 17. Qxb4 Nxb4 18. Rxc8+ Rxc8 19. Rxc8+ Bxc8 20.
a3 Nd5 21. Ne5 Bb7 22. Nc4 Ba6 23. Nxb6 Bxe2 24. Nxd5 Bc4 25. Nc3 Kf8 26. b4
Ke7 27. Kf3 Kd6 28. Kf4 f6 29. e4 h5 30. h4 Ke7 31. g3 Ba6 32. b5 Bc8 33. a4
Kd6 34. e5+ fxe5+ 35. dxe5+ Kc5 36. Kg5 Bd7 37. Kxh5 Be8+ 38. Kg5 Kd4 39. Na2
Kxe5 40. Nb4 Kd6 41. Kf4 Bg6 42. g4 e5+ 43. Ke3 Bf7 44. Nc6 Bb3 45. Nxa7 Bxa4
46. b6 Bd7 47. g5 g6 48. b7 Kc7 49. Nc8 Kxb7 50. Ne7 Kc7 51. Nxg6 Kd6 52. Ke4
Bc6+ 53. Kf5 Bd7+ 54. Kf6 e4 55. h5 e3 56. Nf4 1-0

[Event "Collado Villalba op-A 35th"]
[Site "Collado Villalba ESP"]
[Date "2018.08.29"]
[Round "6.11"]
[White "Garcia Galeote, Lorenzo"]
[Black "Lopez de Turiso, Jose Angel"]
[Result "1/2-1/2"]
[WhiteElo "1899"]
[BlackElo "1990"]
[PlyCount "79"]
[EventDate "2018.08.24"]
[EventType "swiss"]
[EventRounds "9"]
[EventCountry "ESP"]
[SourceTitle "Ajedrez en Madrid"]
[Source "lmi"]
[SourceDate "2018.08.24"]

1. f4 g6 2. g3 Bg7 3. Nf3 c5 4. Bg2 Nc6 5. c3 d6 6. O-O Bd7 7. d3 b5 8. e4 Rb8
9. Qe2 Qc7 10. Be3 Nh6 11. h3 O-O 12. Qd2 f5 13. Ng5 Nf7 14. Nxf7 Rxf7 15. Na3
Rff8 16. Nc2 Rfc8 17. a3 a5 18. exf5 Bxf5 19. g4 Be6 20. f5 Bf7 21. Bh6 Be5 22.
fxg6 Bxg6 23. Bd5+ Kh8 24. Be6 Re8 25. Qg5 Nd8 26. Bd5 e6 27. Be4 Bxe4 28. dxe4
Nf7 29. Qh5 Nxh6 30. Qxh6 Qg7 31. Qh5 Rf8 32. Ne3 Qg6 33. Qxg6 hxg6 34. a4
Rxf1+ 35. Kxf1 Bf4 36. Ng2 Bh6 37. axb5 Rxb5 38. Rd1 Rb6 39. h4 Kg8 40. g5
1/2-1/2

[Event "Collado Villalba op-A 35th"]
[Site "Collado Villalba ESP"]
[Date "2018.08.29"]
[Round "6.12"]
[White "Carrasco Coquillat, Jorge"]
[Black "Camarero Izquierdo, Juan Carlos"]
[Result "0-1"]
[WhiteElo "1799"]
[BlackElo "1963"]
[PlyCount "74"]
[EventDate "2018.08.24"]
[EventType "swiss"]
[EventRounds "9"]
[EventCountry "ESP"]
[SourceTitle "Ajedrez en Madrid"]
[Source "lmi"]
[SourceDate "2018.08.24"]

1. c4 e5 2. g3 Bc5 3. Nc3 d6 4. Bg2 f5 5. d3 Nf6 6. Bg5 Bxf2+ 7. Kf1 Bb6 8. Nf3
O-O 9. b4 c6 10. c5 dxc5 11. Qb3+ Kh8 12. Nxe5 Qe8 13. Nc4 cxb4 14. Qxb4 Na6
15. Qb2 Bd4 16. e3 Bxc3 17. Qxc3 Nc7 18. Re1 Be6 19. Bxf6 Rxf6 20. Kf2 Bd5 21.
Bxd5 Nxd5 22. Qd2 Qh5 23. Kg2 Rh6 24. Qe2 Qh3+ 25. Kg1 Re8 26. Qf2 Rhe6 27. e4
fxe4 28. dxe4 Nf6 29. e5 Ng4 30. Qd2 Qh5 31. Nd6 Nxe5 32. Rxe5 Rxe5 33. Nxe8
Qxe8 34. Kf2 Rf5+ 35. Kg1 h6 36. h3 Rd5 37. Qf2 Qd8 0-1

[Event "Collado Villalba op-A 35th"]
[Site "Collado Villalba ESP"]
[Date "2018.08.29"]
[Round "6.13"]
[White "Lopez Heras, Arturo"]
[Black "Semprun Martinez, Fernando"]
[Result "1/2-1/2"]
[WhiteElo "1863"]
[BlackElo "2145"]
[PlyCount "91"]
[EventDate "2018.08.24"]
[EventType "swiss"]
[EventRounds "9"]
[EventCountry "ESP"]
[SourceTitle "Ajedrez en Madrid"]
[Source "lmi"]
[SourceDate "2018.08.24"]

1. e4 c5 2. Nf3 d6 3. d4 cxd4 4. Nxd4 Nf6 5. Nc3 g6 6. Bc4 Bg7 7. Bb3 O-O 8.
O-O Nc6 9. Nxc6 bxc6 10. Bg5 Rb8 11. Qd2 Ba6 12. Rfe1 c5 13. Nd5 c4 14. Bxf6
exf6 15. Ba4 Rxb2 16. Qd4 Rb7 17. Bc6 f5 18. Qd1 fxe4 19. Bxb7 Bxb7 20. Rb1 Ba8
21. Rxe4 Qg5 22. Rb5 Kh8 23. Nc7 Qf6 24. Nxa8 Rxa8 25. Rxc4 Qe6 26. Rcb4 Be5
27. a4 Kg7 28. Qd5 Qxd5 29. Rxd5 Rc8 30. f4 Bc3 31. Re4 Rc6 32. h4 h5 33. Kh2
a5 34. Kh3 f5 35. Re2 Kf6 36. Rb5 Rc4 37. Rb3 Bd4 38. Rb7 Rxa4 39. Ree7 Bc5 40.
Rh7 Rxf4 41. Rb3 a4 42. Rf3 Rc4 43. Rd3 f4 44. c3 Kf5 45. Re7 d5 46. Re2
1/2-1/2

[Event "Collado Villalba op-A 35th"]
[Site "Collado Villalba ESP"]
[Date "2018.08.29"]
[Round "6.14"]
[White "Perez Cameselle, Francisco Jose"]
[Black "Sotoca Aguado, Jose"]
[Result "1/2-1/2"]
[WhiteElo "1790"]
[BlackElo "1920"]
[PlyCount "131"]
[EventDate "2018.08.24"]
[EventType "swiss"]
[EventRounds "9"]
[EventCountry "ESP"]
[SourceTitle "Ajedrez en Madrid"]
[Source "lmi"]
[SourceDate "2018.08.24"]

1. e4 c6 2. d4 d5 3. Nc3 dxe4 4. Nxe4 Nf6 5. Nxf6+ gxf6 6. Nf3 Bf5 7. Bd3 e6 8.
c3 Bxd3 9. Qxd3 Bd6 10. Bd2 Nd7 11. O-O-O Qa5 12. Kb1 O-O-O 13. c4 Qh5 14. Bc3
Bc7 15. Qc2 Rhg8 16. Rhg1 Kb8 17. Ka1 Qg6 18. Qe2 Nb6 19. Ba5 Qf5 20. Bxb6 Bxb6
21. c5 Bc7 22. g3 e5 23. dxe5 fxe5 24. Nh4 Qe6 25. Qe4 Rd5 26. Qxh7 Rgd8 27.
Qc2 e4 28. Ng2 Qd7 29. Ne3 Rd3 30. Rxd3 exd3 31. Qd2 Qd4 32. Qc3 Qe4 33. Rd1
Be5 34. Qc4 Qf3 35. a3 Qxf2 36. Qc1 Bxb2+ 37. Qxb2 Qxe3 38. Qc3 a6 39. Rd2 f5
40. Kb2 Rd5 41. Kb3 Qe4 42. Qh8+ Ka7 43. Qc3 Rd4 44. h4 Qd5+ 45. Kb2 Rc4 46.
Qxd3 Qxc5 47. Rc2 Qe5+ 48. Ka2 Rd4 49. Qc3 Qd5+ 50. Kb2 Rd3 51. Qc5+ Qxc5 52.
Rxc5 Rxg3 53. Rxf5 Rh3 54. h5 Kb6 55. a4 a5 56. Ka2 Ka6 57. Rg5 Kb6 58. Re5 Kc7
59. Rxa5 Kd6 60. Rg5 b6 61. Kb2 c5 62. Rg6+ Kc7 63. h6 Kb7 64. a5 bxa5 65. Ka2
a4 66. Rf6 1/2-1/2

[Event "Collado Villalba op-A 35th"]
[Site "Collado Villalba ESP"]
[Date "2018.08.29"]
[Round "6.15"]
[White "Martin Arbeloa, Fernando"]
[Black "Pardo Veguezzi, Jose Manuel"]
[Result "1-0"]
[WhiteElo "1918"]
[BlackElo "1800"]
[PlyCount "131"]
[EventDate "2018.08.24"]
[EventType "swiss"]
[EventRounds "9"]
[EventCountry "ESP"]
[SourceTitle "Ajedrez en Madrid"]
[Source "lmi"]
[SourceDate "2018.08.24"]

1. d4 g6 2. c4 Bg7 3. e4 d6 4. Nc3 Nd7 5. Be2 e5 6. d5 Ne7 7. Bg5 h6 8. Be3 O-O
9. Qd2 Kh7 10. g4 a5 11. h4 Nc5 12. h5 g5 13. b3 Ng8 14. Nh3 Bf6 15. f3 Bd7 16.
Nf2 Be7 17. Nd3 b6 18. Kf2 Na6 19. a3 Nf6 20. b4 a4 21. b5 Nc5 22. Nxc5 bxc5
23. Qc2 Ra7 24. Bc1 Qc8 25. Rg1 Nxh5 26. gxh5 f5 27. exf5 Bxf5 28. Bd3 Bxd3 29.
Qxd3+ Rf5 30. Ne4 Kg7 31. Ke2 Qf8 32. Rg4 Ra8 33. Bb2 Qf7 34. Rh1 Rf8 35. Rh3
Kg8 36. Rgg3 Rf4 37. Bc1 Rf5 38. Qc2 Ra8 39. Nc3 Kf8 40. Rg4 Kg8 41. Nxa4 Rf8
42. Qe4 Kh8 43. Nc3 Kg8 44. Bd2 Ra8 45. a4 Kg7 46. Qc2 Kh8 47. Ne4 Kg7 48. a5
Kh8 49. Qb3 Qf8 50. Rh1 Bd8 51. Rgg1 Kh7 52. Rg3 Rb8 53. Qd3 Kh8 54. Rg4 Kg7
55. Bc3 Kg8 56. Rhg1 Qf7 57. Ng3 Rf6 58. f4 Rxf4 59. Rxf4 exf4 60. Rf1 Qe8+ 61.
Qe4 Be7 62. Nf5 Qxh5+ 63. Kd3 Qh3+ 64. Rf3 Qh1 65. Nxe7+ Kf8 66. Rxf4+ 1-0